| 000 | 01816cam a2200337 i 4500 | ||
|---|---|---|---|
| 001 | 991107578821306196 | ||
| 005 | 20251112133127.0 | ||
| 008 | 250407s2025 nyu 000 1 eng | ||
| 010 | _a 2025011753 | ||
| 020 | _a9781250334183 | ||
| 035 | _a(OCoLC)1452440026 | ||
| 035 | _a(OCoLC)on1452440026 | ||
| 040 |
_aDLC _beng _erda _cDLC _dBDX _dIG# _dDYJ _dY$5 _dTDS _dMWD _dMLSOD _dSDD _dYDX |
||
| 041 | _aeng | ||
| 042 | _apcc | ||
| 050 | 0 | 0 |
_aPR9639.4.P376 _bF37 2025 |
| 100 |
_aParry, H. G. _eauthor _926489 |
||
| 245 | 1 | 2 |
_aA far better thing _c/ H.G. Parry. |
| 250 | _aFirst edition. | ||
| 260 |
_aNew York, NY : _bTor Publishing Group, _c2025. |
||
| 300 |
_a404 pages ; _c21 cm |
||
| 520 | _aJonathan Strange & Mr Norrell meets A Tale of Two Cities in H. G. Parry's A Far Better Thing, a heart-rending fantasy of faery revenge set during the French Revolution. Most Anticipated SSF Books 2025-The Nerd Daily I feared this was the best of times; I hoped it could not get any worse. The faeries stole Sydney Carton as a child, and made him a mortal servant of the Faery Realm. Now, he has a rare opportunity for revenge against the fae and Charles Darnay, the changeling left in his stead. It will take magic and cunning-cold iron and Realm silver-to hide his intentions from humans and fae and bring his plans to fruition. Shuttling between London and Paris during the Reign of Terror, generations of violence-begetting-violence lead him to a heartbreaking choice in the shadow of the guillotine. | ||
| 650 | 0 |
_aMagic _vFiction _924059 |
|
| 650 | 0 |
_aFairies _vFiction _926447 |
|
| 650 | 0 |
_aKidnapping _vFiction _926377 |
|
| 651 | 0 |
_aLondon (England) _vFiction _924106 |
|
| 651 | 0 |
_aParis (France) _vFiction _926224 |
|
| 655 | 0 |
_aFantasy fiction _922510 |
|
| 655 | 0 |
_aHistorical fiction _922722 |
|
| 942 | _2lcc | ||
| 999 |
_c5174 _d5174 |
||